| 000 -LEADER |
| fixed length control field |
01749cam a2200361 a 4500 |
| 001 - CONTROL NUMBER |
| control field |
16749732 |
| 003 - CONTROL NUMBER IDENTIFIER |
| control field |
NUST |
| 005 - DATE AND TIME OF LATEST TRANSACTION |
| control field |
20230130125754.0 |
| 008 - FIXED-LENGTH DATA ELEMENTS--GENERAL INFORMATION |
| fixed length control field |
110425s2011 enka b 001 0 eng |
| 010 ## - LIBRARY OF CONGRESS CONTROL NUMBER |
| LC control number |
2011016923 |
| 016 7# - NATIONAL BIBLIOGRAPHIC AGENCY CONTROL NUMBER |
| Record control number |
015720108 |
| Source |
Uk |
| 020 ## - INTERNATIONAL STANDARD BOOK NUMBER |
| International Standard Book Number |
9780230237087 (pbk.) |
| 020 ## - INTERNATIONAL STANDARD BOOK NUMBER |
| International Standard Book Number |
0230237088 (pbk.) |
| 035 ## - SYSTEM CONTROL NUMBER |
| System control number |
(OCoLC)ocn670481205 |
| 040 ## - CATALOGING SOURCE |
| Original cataloging agency |
DLC |
| Transcribing agency |
DLC |
| Modifying agency |
YDX |
| -- |
BTCTA |
| -- |
YDXCP |
| -- |
CDX |
| -- |
UKMGB |
| -- |
BWX |
| -- |
COO |
| -- |
DLC |
| 042 ## - AUTHENTICATION CODE |
| Authentication code |
pcc |
| 050 00 - LIBRARY OF CONGRESS CALL NUMBER |
| Classification number |
PE1404 |
| Item number |
.W7264 2011 |
| 082 00 - DEWEY DECIMAL CLASSIFICATION NUMBER |
| Classification number |
808.042,DEA |
| Edition number |
23 |
| 084 ## - OTHER CLASSIFICATION NUMBER |
| Classification number |
STU026000 |
| -- |
STU000000 |
| -- |
LAN020000 |
| -- |
LAN014000 |
| Number source |
bisacsh |
| 245 00 - TITLE STATEMENT |
| Title |
Writing in the disciplines / |
| Statement of responsibility, etc. |
edited by Mary Deane and Peter O'Neill. |
| 260 ## - PUBLICATION, DISTRIBUTION, ETC. |
| Place of publication, distribution, etc. |
Houndmills, Basingstoke, Hampshire ; |
| -- |
New York : |
| Name of publisher, distributor, etc. |
Palgrave Macmillan, |
| Date of publication, distribution, etc. |
2011. |
| 300 ## - PHYSICAL DESCRIPTION |
| Extent |
xxiv, 278 p. : |
| Other physical details |
ill. ; |
| Dimensions |
22 cm. |
| 490 0# - SERIES STATEMENT |
| Series statement |
Universities into the 21st century |
| 505 8# - FORMATTED CONTENTS NOTE |
| Formatted contents note |
Writing in the disciplines: Beyond remediality (Page-3), Cross-cultural approaches to writing and disciplinary (Page-14), Developing Academic Literacy in Context (Page-30), The Role of Assessment (Page-48), Part II: Collaborating to support student writers (Page-65), Part III: Wid and the institution (Page-215). |
| 650 #0 - SUBJECT ADDED ENTRY--TOPICAL TERM |
| Topical term or geographic name entry element |
English language |
| General subdivision |
Rhetoric |
| -- |
Study and teaching. |
| 9 (RLIN) |
108046 |
| 650 #0 - SUBJECT ADDED ENTRY--TOPICAL TERM |
| Topical term or geographic name entry element |
Interdisciplinary approach in education. |
| 9 (RLIN) |
4307 |
| 700 1# - ADDED ENTRY--PERSONAL NAME |
| Personal name |
Deane, Mary, |
| Dates associated with a name |
1975- |
| 9 (RLIN) |
108047 |
| 700 1# - ADDED ENTRY--PERSONAL NAME |
| Personal name |
O'Neill, Peter, |
| Titles and other words associated with a name |
Dr. |
| 9 (RLIN) |
108048 |
| 856 42 - ELECTRONIC LOCATION AND ACCESS |
| Materials specified |
Cover image |
| Uniform Resource Identifier |
<a href="http://www.netread.com/jcusers/1388/2307245/image/lgcover.9780230237087.jpg">http://www.netread.com/jcusers/1388/2307245/image/lgcover.9780230237087.jpg</a> |
| 906 ## - LOCAL DATA ELEMENT F, LDF (RLIN) |
| a |
7 |
| b |
cbc |
| c |
orignew |
| d |
1 |
| e |
ecip |
| f |
20 |
| g |
y-gencatlg |
| 942 ## - ADDED ENTRY ELEMENTS (KOHA) |
| Source of classification or shelving scheme |
|
| Koha item type |
Book |
| Call number prefix |
808.042,DEA |